000 00719nam a2200289Ia 4500
005 20260324112247.0
008 008 260324s9999 xx 000 0 eng d
020 _a9781003346463
037 _aEBOOK
040 _aCRL
040 _beng
040 _cCRL
041 _2eng
041 _aeng
084 _qCRL
100 _aLuca Iandoli; Kevin T. James
_91141952
245 0 _aDesign Your Business
245 2 _bA Creative Pathway to Transforming Ideas into Successful Products
260 _bTaylor and Francis
260 _c2024
365 _a
365 _b220
856 _uhttp://www.taylorfrancis.com/books/9781003346463
942 _cEBOOK
999 _c1731096
_d1731096